000 00809nam a2200241Ia 4500
001 8874
003 GE_BSU
008 181216s||||||||xx |||||||||||||| ||und||
040 _cGE_BSU
080 _a821.353.1–32
100 _aკალაძე,ამირან
245 _aდაგვიანებული ერთგულება
245 _bმოთხრობები
245 _cრედ.ნ.გოგოძე;მხატვ.თ. სამსონაძე
250 _a1-ლი გამოც.
260 _aთბილისი
260 _bნაკადული
260 _c1985
300 _a80გვ,16სმ;ილ.
653 _aდაგვიანებული ერთგულება
653 _aმოთხრობები
942 _cBK
999 _c42181
_d42181